Biblioteca de Cataluña y Central de la Diputación / por Jaime Castell
Publicado:
San Jorge, núm. 89 (1r trimestre 1973), pàg 34 - 36 :
Materias:
Biblioteca de Catalunya -- Història
MARC
| LEADER | 00000nam a2200000Ia 4500 | ||
|---|---|---|---|
| 001 | |||
| 008 | 160829s9999 xx 000 0 cat d | ||
| 100 | |a Castell, Jaume |9 33703 | ||
| 245 | |a Biblioteca de Cataluña y Central de la Diputación / por Jaime Castell | ||
| 260 | |a San Jorge, núm. 89 (1r trimestre 1973), pàg 34 - 36 | ||
| 610 | 2 | 0 | |a Biblioteca de Catalunya |x Història |9 54425 |
| 901 | |a Arxiu | ||
| 942 | |n 1 | ||
| 952 | |0 0 |1 0 |4 0 |7 1 |9 50388 |a Arxiu |b Arxiu |d 2016-12-01 |l 0 |r 2016-12-01 00:00:00 |w 2016-12-01 |y ARXIU | ||
| 999 | |c 54230 |d 54230 | ||